Impacto de la crisis económica (2008-2014) en las economías de Andalucía y Gibraltar diplomová práca

Salvato in:
Dettagli Bibliografici
Autore principale: Matušková, Barbora
Ente Autore: Fakulta aplikovaných jazykov EU v Bratislave. Katedra románskych a slovanských jazykov
Altri autori: Sánchez Presa, Mónica
Natura: Libro
Lingua:spagnolo
Pubblicazione: Bratislava 2017
Tags: Aggiungi Tag
Nessun Tag, puoi essere il primo ad aggiungerne!!

MARC

LEADER 00000nbm a2200000 4500
001 0231410
005 20180213100006.2
041 0 |a spa 
044 |a SK 
245 1 0 |a Impacto de la crisis económica (2008-2014) en las economías de Andalucía y Gibraltar  |b diplomová práca  |c Barbora Matušková ; školiteľ: Mónica Sánchez Presa 
264 1 |a Bratislava  |c 2017 
300 |a 59 s. 
100 1 |a Matušková, Barbora 
700 1 |a Sánchez Presa, Mónica 
710 2 |a Fakulta aplikovaných jazykov EU v Bratislave. Katedra románskych a slovanských jazykov